|
|
|
|
| LEADER |
01148nam a22002652a 4500 |
| 001 |
000098023 |
| 003 |
CZ BrMZK |
| 005 |
20060320090718.0 |
| 007 |
ta |
| 008 |
950101s1990 xr f cze d |
| 015 |
|
|
|a cnb000534023
|
| 035 |
|
|
|a (OCoLC)852381948
|
| 040 |
|
|
|a BOA001
|b cze
|
| 041 |
1 |
|
|a cze
|h rus
|
| 100 |
1 |
|
|a Šklovskij, Viktor Borisovič,
|d 1893-1984
|7 jn19990209858
|4 aut
|
| 245 |
1 |
0 |
|a Nekonečné záhady :
|b (úvahy o teoretickém zobecnění filmové praxe) /
|c Viktor Borisovič Šklovskij ; [z ruských originálů vybral, přeložil a předmluvou opatřil Karel Martínek ; závěrečnou stať napsal Jan Bernard]
|
| 260 |
|
|
|a Praha :
|b Československý filmový ústav,
|c 1990
|
| 300 |
|
|
|a 305 s.
|
| 700 |
1 |
|
|a Martínek, Karel,
|d 1925-2001
|7 jk01080353
|4 wfw
|
| 700 |
1 |
|
|a Bernard, Jan,
|d 1948-
|7 jn20000400160
|4 waw
|
| 856 |
4 |
1 |
|u http://www.digitalniknihovna.cz/mzk/uuid/uuid:a6528ce0-6332-11e4-8214-005056827e51
|y Digitalizovaný dokument
|x NDK
|
| 910 |
|
|
|a BOA001
|b 2-0964.883
|
| 964 |
|
|
|a Umění filmové - úvahy
|
| 990 |
|
|
|a BK
|
| 996 |
6 |
|
|b 2619992178
|c 2-0964.883
|l MZK
|r Sklad / do 1 hodiny
|n 3
|w 000098023
|u 000010
|a 1
|e BOA001
|j MZK50
|s P
|